Actor's With "F" in Their Name by Picture - Statistics

General Stats
  • This quiz has been taken 220 times
  • The average score is 8 of 12
Answer Stats
Picture Answer % Correct
Ben Affleck
88%
Jennifer Lawrence
87%
Michael J. Fox
85%
Jennifer Lopez
83%
Mark Ruffalo
78%
Jeff Goldblum
72%
Michael Fassbender
66%
Queen Latifah
61%
Robert Redford
57%
Jennifer Garner
54%
Julia Louis-Dreyfus
43%
Shia LeBeouf
41%
No matching quizzes found
Score Distribution
Percent of People with Each Score
Percentile by Number Answered
Your Score History
You have not taken this quiz